| 000 | 00541nam a22001697a 4500 | ||
|---|---|---|---|
| 005 | 20251108171922.0 | ||
| 008 | 250721s2001 xx 000 0 ara d | ||
| 082 | 1 | 4 | _a956.093/شنا |
| 100 | 1 |
_aالشناق، فاروق _eمؤلف |
|
| 245 | 1 | 0 | _aالقدس في الصراع العربي الإسرائيلي / |
| 264 | 1 |
_aعمان : _bاللجنة الملكية، _c2001. |
|
| 300 | _a100ص | ||
| 650 | 1 | 7 | _aالصراع الدولي |
| 650 | 1 | 7 | _aالنزاع العربي الإسرائيلي |
| 942 |
_2ddc _cBK |
||
| 999 |
_c65917 _d65917 |
||